| 000 | 00544nam a2200229Ia 4500 | ||
|---|---|---|---|
| 003 | OSt | ||
| 005 | 20220513113628.0 | ||
| 008 | 210210b2008 xxu||||| |||| 00| 0 eng d | ||
| 020 | _a8180546419 | ||
| 040 |
_aAL _c |
||
| 041 | _aeng | ||
| 082 | _a519.5 GUPB | ||
| 100 |
_aGUPTA (S P) _936820 |
||
| 245 | _aBusiness statistics | ||
| 250 | _a15 | ||
| 260 |
_aNew Delhi _bSultan Chand & Sons _c2008 |
||
| 300 | _axxii--712 | ||
| 690 |
_aBusiness Statistics _936825 |
||
| 700 |
_aGUPTA (M P) _936826 |
||
| 906 | _a063603 | ||
| 942 |
_2ddc _cBK |
||
| 999 |
_c138567 _d138567 |
||